000 00555cam a2200181ua 4500
041 _aeng
_h
082 _a604.6
_bAIT/MA
100 _aAlter, Harvey .
245 _aMaterials recovery from municipal waste: Unit operations in practice /
_cHarvey Alter.
_hTextual Documents
250 _a1 /
_b.
260 _aNew York :
_bMarcel Dekker Inc. ,
_c1983.
300 _a264 ; .
440 0 _aPollution engineering and technology,
_v24
_x;
490 0 _aPollution engineering and technology,
_v24
_x;
504 _a
942 _cBK
999 _c11094
_d11094